000 00841cab a2200253 4500
001 ABS55844
008 090401t1996 xxu||||| |||| 00| 0 eng d
035 _a(Sirsi) u19099
041 _aeng
100 _aLowe, A.
245 4 _aThe sands of time
260 _c1996
350 _a0
490 _aPlanning Week
_v4(38) 19 September 1996, 9(1)
520 _aDiscusses a recent planning appeal decision which demonstrated the planning inspectorate`s approach to mineral extraction and waste disposal sites. Planning permission was granted but a number of restoraiton conditions were imposed.
650 _aDEVELOPMENT PLANS
650 _aMINERAL EXTRACTION
650 _aPLANNING APPEALS
650 _aRESTORATION CONDITIONS
650 _aWASTE DISPOSAL
690 _aMINING AND MINERALS
942 _n0
948 _c04/03/1997
999 _c12717
_d12717